[Event "ch-CZE Blitz Prelim 2013"]
[Site "Brno CZE"]
[Date "2013.12.21"]
[Round "6.2"]
[White "Zwardon,V"]
[Black "Zilka,S"]
[Result "1/2-1/2"]
[WhiteElo "2383"]
[BlackElo "2528"]

1.c4 c6 2.Nc3 d5 3.e3 Nf6 4.Nf3 e6 5.g4 Nxg4 6.Rg1 Nf6 7.b3 Nbd7 8.Bb2 b6
9.Qc2 Bb7 10.O-O-O dxc4 11.Bxc4 Qc7 12.Nd4 Ne5 13.Be2 O-O-O 14.f4 Ng6 15.Kb1 Kb8
16.Nf3 a6 17.Rc1 c5 18.Na4 Ka7 19.Ka1 Nd5 20.a3 f6 21.h4 Qd6 22.h5 Nge7 23.Nc3 Nxc3
24.dxc3 Nd5 25.Qd2 Qc7 26.Rcd1 Be7 27.Rxg7 Nxf4 28.Qc2 Nxe2 29.Qxe2 Rxd1+
30.Qxd1 Rd8 31.Qe2 h6 32.c4 Qd6 33.Ka2 Rd7 34.Rg6 Be4 35.Rxh6 Qd1 36.Qxd1 Rxd1
37.Nh4 Bb1+ 38.Ka1 Bc2+ 39.Ka2 Bb1+ 40.Ka1 Bd3+ 41.Ka2 Bb1+ 42.Ka1 Be4+ 43.Ka2 Bb1+
44.Ka1 Kb7 45.Bxf6 Bxf6+ 46.Rxf6 Bg6+ 47.Kb2 Bxh5 48.Rxe6 Rd2+ 49.Kc3 Rh2
50.Nf5 Bg4 51.Re7+ Kc6 52.e4 Rh3+ 53.Kb2  1/2-1/2

[Event "51st Groningen Open A 2013"]
[Site "Groningen NED"]
[Date "2013.12.21"]
[Round "1.19"]
[White "Chernukhin,Alexander"]
[Black "Danielian,E"]
[Result "0-1"]
[WhiteElo "2145"]
[BlackElo "2462"]

1.c4 c6 2.d4 d5 3.Nc3 dxc4 4.a4 e5 5.e3 exd4 6.exd4 Be6 7.Nf3 Nf6 8.Ne5 Bb4
9.Bxc4 Bxc4 10.Nxc4 Qe7+ 11.Ne3 O-O 12.O-O Rd8 13.Qf3 Bxc3 14.bxc3 Qe4 15.Qg3 Nbd7
16.Bb2 Nh5 17.Qg4 Qxg4 18.Nxg4 Nf4 19.g3 Nd5 20.c4 Nb4 21.a5 b5 22.Bc3 Na6
23.d5 b4 24.Bd4 cxd5 25.cxd5 Ndc5 26.Bxc5 Nxc5 27.Ne3 Rab8 28.Rab1 g6 29.Rfd1 b3
30.Nc4 f6 31.a6 Rb5 32.d6 Nxa6 33.Ra1 Rb4 34.Rxa6 Rxc4 35.Rb1 Rb4 36.Ra3 Rxd6
37.Rbxb3 Rxb3 38.Rxb3 Rd7 39.Ra3 Kf7 40.Ra6 f5 41.h4 Ke8 42.Kg2 Kd8 43.Kf3 Kc8
44.Ra1 Kb8 45.Rb1+ Rb7 46.Ra1 Rb5 47.Ra2 a5 48.Kf4 h6 49.Ke3 Kb7 50.Kd3 Kb6
51.Kc4 f4 52.Re2 Rb4+ 53.Kc3 fxg3 54.fxg3 Rg4 55.Re3 h5 56.Kb3 a4+ 57.Kb2 Kc5
58.Kc2 Kd5 59.Kd2 Rb4 60.Ra3 Ke5 61.Ke2 Kf5 62.Kf2 Kg4 63.Kg2 Rb2+ 64.Kg1 Rb3
65.Rxa4+ Kxg3 66.Kf1 Rf3+ 67.Kg1 Rf4 68.Ra6 Rg4 69.Ra3+ Kxh4+ 70.Kh2 Rb4
71.Rc3 Rb2+ 72.Kg1 g5 73.Ra3 g4 74.Rc3 g3 75.Rd3 Kh3 76.Rd1 h4 77.Rc1 Rg2+
78.Kh1 Rf2 79.Kg1 Rg2+ 80.Kh1 Re2 81.Kg1 Kg4 82.Rc4+ Kf3 83.Rc3+ Re3 84.Rc1 h3  0-1

[Event "51st Groningen Open A 2013"]
[Site "Groningen NED"]
[Date "2013.12.22"]
[Round "2.46"]
[White "Ypma,P"]
[Black "Stolwijk,Colin"]
[Result "0-1"]
[WhiteElo "2179"]
[BlackElo "2041"]

1.c4 c6 2.b3 d5 3.Bb2 Bf5 4.g3 Nd7 5.Bg2 Ngf6 6.Nf3 e6 7.O-O Bd6 8.d4 O-O
9.Nh4 Bg6 10.Nxg6 hxg6 11.c5 Be7 12.f4 Ne4 13.Nd2 Nxd2 14.Qxd2 f5 15.b4 a5
16.a3 axb4 17.axb4 b5 18.cxb6 Nxb6 19.Rac1 Qd7 20.Qd3 Bd6 21.Bc3 Ra3 22.Qb1 Nc4
23.Rf3 Rb8 24.Be1 Rxf3 25.exf3 Bxb4 26.Bf1 Qa7 27.Qa1 Qxa1 28.Rxa1 Bxe1 29.Rxe1 Nd2
30.Kf2 Kf7 31.Bd3 Rb3 32.Be2 Rb1 33.Rxb1 Nxb1 34.Ke3 Nc3 35.Ba6 Ke7 36.Bb7 Kd7
37.Ba6 Na4 38.Kd2 Kd6 39.Kc2 Nb6 40.Kc3 c5 41.Bb5 cxd4+ 42.Kxd4 Nd7 43.Ba4 e5+
44.fxe5+ Nxe5 45.f4 Nf3+ 46.Ke3 Nxh2 47.Be8 g5 48.Bg6 Ke6 49.Bh7 Ng4+ 50.Kd4 Nf6
51.Bg6 g4 52.Ke3 Ne4 53.Bh7 Nxg3 54.Bg8+ Kd6 55.Bh7 Kc5 56.Kd3 Ne4 57.Bxf5 g3  0-1

[Event "51st Groningen Open A 2013"]
[Site "Groningen NED"]
[Date "2013.12.22"]
[Round "2.17"]
[White "Donchenko,Alexa"]
[Black "Olsarova,T"]
[Result "1/2-1/2"]
[WhiteElo "2455"]
[BlackElo "2260"]

1.c4 c6 2.Nf3 d5 3.d4 Nf6 4.Qc2 dxc4 5.Qxc4 Bf5 6.g3 Nbd7 7.Bg2 e6 8.O-O Be7
9.e3 O-O 10.Qe2 c5 11.Rd1 Qc7 12.Nc3 Ne4 13.Nh4 Nxc3 14.bxc3 Bxh4 15.gxh4 h6
16.Ba3 Rac8 17.Rac1 b6 18.Qf3 Nf6 19.Qg3 Qe7 20.f3 Rfd8 21.e4 Nh5 22.Qf2 Bg6
23.dxc5 Nf4 24.Bf1 Bh5 25.Qg3 Ng6 26.cxb6 Qxa3 27.b7 Rb8 28.Rxd8+ Rxd8 29.b8=Q Rxb8
30.Qxb8+ Kh7 31.Rc2 Qc5+ 32.Rf2 Nxh4 33.Qb5 Nxf3+ 34.Kg2 Ne1+ 35.Kg1 Nf3+  1/2-1/2

[Event "WYCC U18 Girls 2013"]
[Site "Al-Ain UAE"]
[Date "2013.12.26"]
[Round "9.4"]
[White "Navrotescu,A"]
[Black "Bivol,A"]
[Result "0-1"]
[WhiteElo "2147"]
[BlackElo "2236"]

1.c4 c6 2.Nf3 d5 3.g3 Nf6 4.Bg2 e6 5.d4 Nbd7 6.O-O dxc4 7.Nc3 b5 8.e4 Bb7
9.e5 Nd5 10.Ng5 Be7 11.Qh5 g6 12.Qh6  0-1

[Event "30th Boeblinger Open 2013"]
[Site "Boeblingen GER"]
[Date "2013.12.26"]
[Round "1.1"]
[White "Biegler,M"]
[Black "Burmakin,V"]
[Result "0-1"]
[WhiteElo "2117"]
[BlackElo "2585"]

1.c4 c6 2.e4 d5 3.exd5 cxd5 4.d4 Nf6 5.Nc3 g6 6.Nf3 Bg7 7.Bg5 Ne4 8.cxd5 Nxg5
9.Nxg5 Qb6 10.Bb5+ Bd7 11.Qb3 Bxd4 12.O-O O-O 13.Bc4 Na6 14.Rad1 Rac8 15.Qxb6 Bxb6
16.d6 e6 17.Nce4 Bd8 18.Bb3 Nc5 19.Nxc5 Rxc5 20.Ne4 Re5 21.Rfe1 Kg7 22.Nc3 Rxe1+
23.Rxe1 Bf6 24.Rd1 Rc8 25.Ba4 Bxa4 26.Nxa4 Rc2 27.Kf1 Kf8 28.Rd3 Rc4 29.b3 Rc1+
30.Ke2 Ke8 31.d7+ Kd8 32.Rf3 Bd4 33.Rxf7 b5 34.Kd2 Rc6 35.Kd3 e5 36.f4 bxa4
37.fxe5 Bxe5 38.Rf8+ Kxd7 39.Rf7+ Ke6 40.Rxa7 axb3 41.axb3 Bxh2 42.Rxh7 Be5
43.Ke4 Rb6 44.Rh3 Rb4+ 45.Kf3 Rxb3+ 46.Kg4 Rxh3 47.gxh3 Bf6  0-1

[Event "51st Groningen Open A 2013"]
[Site "Groningen NED"]
[Date "2013.12.26"]
[Round "5.41"]
[White "Brookes,C"]
[Black "Stolwijk,Colin"]
[Result "0-1"]
[WhiteElo "2182"]
[BlackElo "2041"]

1.c4 c6 2.g3 d5 3.cxd5 cxd5 4.Nf3 Nc6 5.Bg2 Bf5 6.O-O e6 7.d3 Nf6 8.h3 Be7
9.Nh4 Bg6 10.Nc3 O-O 11.Bd2 Qd7 12.Rc1 Rfd8 13.a3 Rab8 14.Na4 Nd4 15.Nxg6 hxg6
16.Nc5 Qe8 17.Be3 Nf5 18.Bg5 Nd7 19.Nxd7 Rxd7 20.Bd2 Rc8 21.g4 Nd6 22.Qa4 b5
23.Qa6 Rdc7 24.Rc3 Rxc3 25.Bxc3 Qd7 26.e4 Rc6 27.Qa5 a6 28.exd5 exd5 29.Be5 Nb7
30.Qd2 Nc5 31.b4 Ne6 32.Qa2 Nc7 33.Re1 Bf6 34.Qa1 Re6 35.f4 Qc6 36.Qd4 Kh7
37.Kh2 g5 38.f5 Rxe5  0-1

[Event "WYCC U18 Girls 2013"]
[Site "Al-Ain UAE"]
[Date "2013.12.27"]
[Round "10.36"]
[White "Comas Colon,Rinelly M."]
[Black "Abeer,Ali"]
[Result "1-0"]
[WhiteElo "1790"]
[BlackElo "1655"]

1.c4 c6 2.Nf3 Nf6 3.g3 e6 4.Bg2 d5 5.b3 Nbd7 6.Bb2 Bb4 7.O-O O-O 8.d3 Re8
9.a3 Be7 10.Nbd2 a5 11.Rb1 Qc7 12.d4 b6 13.Qc2 Qb8 14.Ne5 Bb7 15.Ndf3 h6
16.Rfc1 Rc8 17.Qd1 Bd6 18.e3 Bxe5 19.Nxe5 Nxe5 20.dxe5 Nd7 21.f4 Nf8 22.Rc3 dxc4
23.bxc4 c5 24.e4 Rd8 25.Rd3 Qc7 26.Rd6 Rxd6 27.exd6 Qc8 28.Qg4 g6 29.Qh4 Nh7
30.Rd1 Qf8 31.Qe7 Ba6 32.Bf1 Qd8 33.f5 Nf8 34.Bf6 Qd7 35.fxg6 fxg6 36.Be5 Ra7
37.Qf6 Qh7 38.Rd2 Rf7 39.Qd8 Bb7 40.Bf6 Bxe4 41.Be7 g5 42.Bxf8 Rxf8 43.Qxf8+ Kxf8
44.d7  1-0

[Event "22nd Donau Open 2013"]
[Site "Aschach AUT"]
[Date "2013.12.27"]
[Round "2.10"]
[White "Krumphals,F"]
[Black "Froewis,G"]
[Result "0-1"]
[WhiteElo "2150"]
[BlackElo "2423"]

1.c4 c6 2.Nf3 d5 3.e3 Nf6 4.Nc3 e6 5.b3 Bd6 6.Bb2 O-O 7.d4 Nbd7 8.Bd3 Re8
9.Qc2 Qe7 10.Ne2 e5 11.dxe5 Nxe5 12.Nxe5 Bxe5 13.Bxe5 Qxe5 14.Rd1 Bg4 15.h3 Bxe2
16.Bxe2 Rad8 17.O-O d4 18.Rd3 dxe3 19.Rxe3 Qc7 20.Rxe8+ Rxe8 21.Rd1 c5 22.Bf3 b6
23.Qd3 g6 24.Qd6 Re1+ 25.Kh2 Qxd6+ 26.Rxd6 Kg7 27.Kg3 Re7 28.Kf4 Ne8 29.Rd2 Nc7
30.Bg4 f5 31.Bf3 Ne6+ 32.Ke5 Nf8+ 33.Kf4 Kf6 34.Rd6+ Ne6+ 35.Ke3 Ke5 36.Rd5+ Kf6
37.Rd6 Kg7 38.Kd2 Nd4 39.Bd1 Kf7 40.b4 Rc7 41.Kc3 Ke7 42.bxc5 Nb5+  0-1

[Event "23rd North American Open 2013"]
[Site "Las Vegas USA"]
[Date "2013.12.27"]
[Round "4.17"]
[White "Roiz,M"]
[Black "Aaron,D"]
[Result "1/2-1/2"]
[WhiteElo "2614"]
[BlackElo "2322"]

1.c4 c6 2.Nf3 d5 3.d4 Nf6 4.Qb3 e6 5.Bg5 Be7 6.e3 O-O 7.Nc3 Nbd7 8.Bd3 h6
9.Bf4 dxc4 10.Qxc4 Nd5 11.Bg3 Nb4 12.Bb1 b6 13.Qb3 Ba6 14.Qd1 c5 15.a3 Nd5
16.Nxd5 exd5 17.Qa4 Bc4 18.Nd2 cxd4 19.exd4 Rc8 20.Nxc4 Rxc4 21.Qd1 Bf6 22.O-O Rxd4
23.Qc2 g6 24.Ba2 Qc8 25.Qe2 Nc5 26.Rad1 Qe6 27.Qf3 Rd8 28.Rxd4 Bxd4 29.Rd1 Qe4
30.Qf4 Qxf4 31.Bxf4 Bxb2 32.Rxd5 Rxd5 33.Bxd5 Bxa3 34.Bxh6 Bb2 35.Be3 Ne6
36.Kf1 Kf8 37.h4 Bf6 38.g3 Ke7 39.Ke2 Kd6 40.Ba2 Kc6 41.Kd3 a5 42.Bd2 Bd8
43.f4 b5 44.g4 Bxh4 45.f5 Nc5+ 46.Kc2 gxf5 47.gxf5 b4 48.Bxf7 Bf6 49.Be3  1/2-1/2

[Event "Rilton Cup 2013-14"]
[Site "Stockholm SWE"]
[Date "2013.12.27"]
[Round "1.8"]
[White "Piorun,K"]
[Black "Johansson,G1"]
[Result "1-0"]
[WhiteElo "2560"]
[BlackElo "2244"]

1.c4 c6 2.e4 d5 3.exd5 cxd5 4.cxd5 Nf6 5.Nc3 Nxd5 6.Nf3 e6 7.d4 Bb4 8.Qc2 O-O
9.Bd3 h6 10.O-O Be7 11.Qe2 Nf6 12.Bf4 Bd7 13.Rad1 Bc6 14.Ne5 Re8 15.Rfe1 Bf8
16.Bb1 Nbd7 17.Qc2 Rc8 18.Bg3 Be7 19.Bh4 Nf8 20.f4 Nd5 21.Bxe7 Nxe7 22.Qf2 Bd5
23.f5 exf5 24.Bxf5 Nxf5 25.Qxf5 Be6 26.Qf2 Bd5 27.Nd3 Qd6 28.Nf4 Bc6 29.d5 Bd7
30.Ne4 Qa6 31.Nh5 Qb6 32.Qxb6 axb6 33.Nd6 Rxe1+ 34.Rxe1 Rc5 35.Nf4 Ng6 36.Nxg6 fxg6
37.Re7 Ba4 38.Rxb7 Rc1+ 39.Kf2 Rc2+ 40.Kg3 Rxb2 41.h4 Bd1 42.Rb8+ Kh7 43.Nc4 Rxa2
44.d6 Ra7 45.Nxb6 Ba4 46.Nxa4  1-0

[Event "WYCC U18 Open 2013"]
[Site "Al-Ain UAE"]
[Date "2013.12.28"]
[Round "11.9"]
[White "Sanzhaev,D"]
[Black "Bajarani,U"]
[Result "0-1"]
[WhiteElo "2366"]
[BlackElo "2500"]

1.c4 c6 2.e4 d5 3.exd5 Nf6 4.d4 cxd5 5.Nc3 Nc6 6.Bg5 dxc4 7.Bxc4 h6 8.Be3 e6
9.Nf3 Be7 10.O-O O-O 11.Qd2 a6 12.Rad1 b5 13.Bd3 Re8 14.a3 Bf8 15.Bb1 Bb7
16.Qc2 Ne7 17.Ne5 Rc8 18.Rfe1 Be4 19.Qb3 Bxb1 20.Rxb1 Ned5 21.Bd2 Nxc3 22.bxc3 Qd5
23.f3 Qxb3 24.Rxb3 Nd5 25.Kf2 Rc7 26.Ke2 Rec8 27.Kd3 Bd6 28.g3 h5 29.f4 f6
30.Nf3 Kf7 31.Nh4 Nb6 32.f5 e5 33.dxe5 Bxe5 34.Nf3 Nc4 35.Ra1 Rd7+ 36.Kc2 Rcd8
37.Nxe5+ fxe5 38.Bg5 Rd2+ 39.Bxd2 Rxd2+ 40.Kc1 e4 41.Rb4 e3 42.Rxc4 bxc4
43.Rb1 Rxh2 44.Rb7+ Kf6 45.Kd1 Rg2 46.Ra7 Kxf5 47.Rxg7 h4 48.Rf7+ Kg6 49.Rf4 h3  0-1

[Event "23rd North American Open 2013"]
[Site "Las Vegas USA"]
[Date "2013.12.28"]
[Round "6.24"]
[White "Eckert,D"]
[Black "Aaron,D"]
[Result "1-0"]
[WhiteElo "2253"]
[BlackElo "2322"]

1.c4 c6 2.Nf3 d5 3.e3 Nf6 4.Nc3 Nbd7 5.Qc2 e6 6.b3 Bd6 7.Bb2 O-O 8.cxd5 exd5
9.Be2 Re8 10.O-O Nf8 11.a3 a5 12.Na4 Bg4 13.Nc5 Rb8 14.h3 Bh5 15.Rfc1 Bg6
16.Bd3 b6 17.Bxg6 hxg6 18.Na4 c5 19.d4 c4 20.bxc4 dxc4 21.Nc3 b5 22.e4 Bf4
23.Re1 Bh6 24.e5 Nd5 25.Ne4 Re7 26.Nd6 c3 27.Bc1 b4 28.Qb3 Bxc1 29.Raxc1 Nf4
30.Re4 Nd3 31.Rb1 bxa3 32.Qxb8 Qxb8 33.Rxb8 a2 34.Rh4 a1=Q+ 35.Kh2 Rxe5 36.dxe5 f6
37.e6 Qa3 38.Nf7  1-0

[Event "12th Nantes Open"]
[Site "Nantes FRA"]
[Date "2013.12.28"]
[Round "2.6"]
[White "Marie,M"]
[Black "Colin,V"]
[Result "0-1"]
[WhiteElo "2168"]
[BlackElo "2413"]

1.c4 c6 2.g3 d5 3.Bg2 Nf6 4.Nf3 dxc4 5.a4 Qd5 6.Nc3 Qh5 7.h3 Na6 8.a5 e6
9.O-O Bb4 10.g4 Qc5 11.g5 Nd5 12.e4 Ndc7 13.e5 Nd5 14.d4 cxd3 15.Nd2 Nf4
16.Nde4 Qxe5 17.Re1 Qc7 18.Qf3 Nxg2 19.Kxg2 e5 20.Bf4 exf4 21.Nf6+ Kd8 22.Qxd3+ Bd7
23.Nxd7 Qxd7 24.Qc4 f3+  0-1

[Event "VII Stadium Casablanca Open 2013"]
[Site "Zaragoza ESP"]
[Date "2013.12.28"]
[Round "5.5"]
[White "Banos,O"]
[Black "Hoffman,A"]
[Result "0-1"]
[WhiteElo "2207"]
[BlackElo "2447"]

1.c4 c6 2.Nf3 d5 3.g3 Nf6 4.Bg2 g6 5.O-O Bg7 6.Na3 O-O 7.Rb1 Re8 8.d3 e5
9.b4 e4 10.Ne1 exd3 11.Nxd3 Bg4 12.f3 Bf5 13.g4 dxc4 14.Nxc4 Qd4+ 15.Kh1 Qxc4
16.gxf5 Qxa2 17.Bb2 Na6 18.Qe1 Qc4 19.f4 Qb5 20.Ne5 Nd5 21.e4 Nxf4 22.Rxf4 Bxe5
23.Bxe5 Qxe5 24.Qh4 Rad8 25.f6 Nc7 26.Bh3 Ne6 27.Bxe6 Rxe6 28.Rbf1 h5 29.Qf2 Rd4
30.Re1 Rxb4 31.Qf3 Rb2 32.Rg1 Ra2 33.Qe3 Rxf6  0-1

[Event "Rilton Cup 2013-14"]
[Site "Stockholm SWE"]
[Date "2013.12.29"]
[Round "3.23"]
[White "Jacobsen,Bo"]
[Black "Ask,J"]
[Result "0-1"]
[WhiteElo "2302"]
[BlackElo "2209"]

1.c4 c6 2.Nf3 d6 3.d4 Nf6 4.Nc3 Nbd7 5.Bf4 Nh5 6.Bd2 e5 7.e3 Nhf6 8.Rc1 Be7
9.Bd3 O-O 10.Qc2 a6 11.O-O h6 12.Rfd1 Qc7 13.b4 b6 14.Qb3 Qb8 15.a4 Re8 16.b5 c5
17.dxe5 dxe5 18.Nd5 e4 19.Be2 Nxd5 20.cxd5 exf3 21.Bxf3 Bd6 22.g3 a5 23.Bg2 Nf6
24.Bc3 Ne4 25.Ba1 Ra7 26.f3 Ng5 27.e4 Bxg3 28.hxg3 Qxg3 29.Rc2 Rxe4 30.Qc3 Nh3+
31.Kf1 Re8 32.d6 f6 33.Qc4+ Be6 34.Qe4 Qh2  0-1

[Event "51st Groningen Open A 2013"]
[Site "Groningen NED"]
[Date "2013.12.30"]
[Round "9.31"]
[White "Hendriks,W"]
[Black "Keetman,Maaike"]
[Result "1-0"]
[WhiteElo "2396"]
[BlackElo "1899"]

1.c4 c6 2.e4 d5 3.exd5 cxd5 4.d4 Nf6 5.Nc3 Nc6 6.Bg5 dxc4 7.Bxc4 e6 8.Nf3 Be7
9.O-O O-O 10.a3 b6 11.Qd3 Bb7 12.Rad1 Rc8 13.Ba2 h6 14.Bc1 Bd6 15.Rfe1 Ne7
16.Ne5 Ned5 17.Qh3 Re8 18.Rd3 Bf8 19.Bxh6 gxh6 20.Rg3+ Kh7 21.Bb1+  1-0

[Event "51st Groningen Open A 2013"]
[Site "Groningen NED"]
[Date "2013.12.30"]
[Round "9.28"]
[White "Olsarova,T"]
[Black "Stolwijk,Colin"]
[Result "0-1"]
[WhiteElo "2260"]
[BlackElo "2041"]

1.c4 c6 2.d4 d5 3.Nc3 Nf6 4.Nf3 a6 5.e3 b5 6.cxd5 cxd5 7.Qb3 e6 8.Ne5 Bd6
9.f4 O-O 10.Bd3 Bd7 11.O-O Qa5 12.Qd1 b4 13.Ne2 Bb5 14.Ng3 Ra7 15.Qe2 Ne4
16.Nxe4 dxe4 17.Bc4 Rc8 18.b3 Rac7 19.Qg4 Bxe5 20.fxe5 Bxc4 21.bxc4 b3 22.Qe2 Qc3
23.Ba3 bxa2 24.Rxa2 Qxc4 25.Qf2 Qd5 26.Bd6 Rb7 27.Rc2 Rxc2 28.Qxc2 Qc6 29.Rc1 Rb6
30.Qd1 Qe8 31.Qa4 Nd7 32.Rc7 Rb1+ 33.Kf2 Qd8 34.Ke2 Rb2+ 35.Kd1 Nb6 36.Qc6 h6
37.Rb7 Qh4 38.Rxb6 Rxg2 39.Bb4 Qf2 40.Rb8+ Kh7 41.Qxe4+ g6  0-1

[Event "Cracovia Open A 2013-14"]
[Site "Krakow POL"]
[Date "2013.12.30"]
[Round "5.17"]
[White "Kulon,K"]
[Black "Wacior,Maciej"]
[Result "1-0"]
[WhiteElo "2309"]
[BlackElo "1892"]

1.c4 c6 2.Nf3 d5 3.e3 Nf6 4.b3 g6 5.Bb2 Bg7 6.Be2 O-O 7.O-O b6 8.d4 Bb7 9.cxd5 cxd5
10.Nbd2 Nc6 11.Rc1 e6 12.Ba3 Re8 13.Bb5 Rc8 14.Ne5 Nxe5 15.Bxe8 Nxe8 16.dxe5 Ba6
17.Rxc8 Qxc8 18.Qc1 Qb8 19.Re1 Bxe5 20.f4 Bg7 21.Nf3 Nd6 22.Bb2 Ne4 23.Bxg7 Kxg7
24.Qa3 Qb7 25.Nd4 b5 26.Rc1 b4 27.Qa5 Bd3 28.Rc7 Qb6 29.Qxa7 Qxa7 30.Rxa7 Kf6
31.Nc6  1-0

[Event "22nd Donau Open 2013"]
[Site "Aschach AUT"]
[Date "2013.12.31"]
[Round "7.5"]
[White "Kantans,T"]
[Black "Neuman,P"]
[Result "0-1"]
[WhiteElo "2412"]
[BlackElo "2496"]

1.c4 c6 2.d4 d5 3.Nc3 Nf6 4.Nf3 a6 5.a4 e6 6.e3 c5 7.cxd5 exd5 8.Be2 Be7
9.O-O O-O 10.b3 Nc6 11.Bb2 Be6 12.dxc5 Bxc5 13.Rc1 Qb6 14.Qc2 Rac8 15.Ng5 Bxe3
16.Nxd5 Bxd5 17.Bxf6 Bxg5 18.Bxg5 Nd4 19.Qxc8 Nxe2+ 20.Kh1 Nxc1 21.Qxc1 Qxb3
22.a5 Bc6 23.Qd2 Re8 24.Be3 h6 25.Re1 Re5 26.Ra1 Rd5 27.Qe1 Rd3 28.Kg1 Qe6
29.Qf1 Qg6 30.Bb6 Rb3 31.Rc1 Rb5 32.Bc7 Rg5 33.f3 Rf5 34.Kh1 Rb5 35.Qf2 Qf6
36.Re1 Qc3 37.Qg3 Rg5 38.Qf2 Bxf3 39.Bg3 Bc6 40.Rf1 f6 41.Qa2+ Bd5 42.Qa1 Qxa1
43.Rxa1 h5 44.Rg1 Bc6 45.Bc7 h4 46.h3 Rc5 47.Kh2 Rc2  0-1

[Event "Rilton Cup 2013-14"]
[Site "Stockholm SWE"]
[Date "2014.01.01"]
[Round "5.16"]
[White "Tikkanen,H"]
[Black "Johansson,G1"]
[Result "1-0"]
[WhiteElo "2548"]
[BlackElo "2244"]

1.c4 c6 2.Nf3 d5 3.e3 Nf6 4.Nc3 e6 5.b3 Bd6 6.Bb2 O-O 7.Qc2 e5 8.cxd5 cxd5
9.Nb5 Nc6 10.Nxd6 Qxd6 11.d4 Nb4 12.Qd1 e4 13.Ne5 Ne8 14.a3 f6 15.f3 fxe5
16.dxe5 Qc5 17.axb4 Qxe3+ 18.Be2 exf3 19.gxf3 Be6 20.Bd4 Qg5 21.Qd2 Qg6 22.b5 Nc7
23.Rg1 Qf7 24.Rxa7 Rxa7 25.Bxa7 Bd7 26.Bd4 Ne6 27.Bb2 Nf4 28.e6 Nxe6 29.Qxd5 Re8
30.Kf2 g6 31.Bc4 Kf8 32.Rd1 Bc8 33.Qe5 Qg7 34.Qxg7+ Nxg7 35.Ba3+  1-0

[Event "Rilton Cup 2013-14"]
[Site "Stockholm SWE"]
[Date "2014.01.01"]
[Round "5.28"]
[White "Jogstad,Martin"]
[Black "Annenkov,K"]
[Result "0-1"]
[WhiteElo "1941"]
[BlackElo "2232"]

1.c4 c6 2.g3 Nf6 3.Bg2 d5 4.Nf3 Bf5 5.cxd5 cxd5 6.Qb3 Qb6 7.Qxb6 axb6 8.Nc3 Nc6
9.O-O e5 10.Nb5 Kd7 11.d3 h6 12.Be3 d4 13.Nxe5+ Nxe5 14.Nxd4 Be6 15.Nxe6 fxe6
16.Bxb7 Rb8 17.Bg2 Nd5 18.Bd2 Bd6 19.Rac1 b5 20.f4 Ng4 21.e4 Nde3 22.h3 Nxf1
23.Kxf1 Ne5 24.fxe5 Bxe5 25.g4 Bxb2 26.Rb1 Bd4 27.Bf3 Ra8 28.Rxb5 Rxa2 29.Ke1 Rf8
30.Be2 Ra1+ 31.Bd1 Kc6 32.Rb4 e5 33.Rc4+ Kd7 34.Rb4 Bf2+ 35.Ke2 Bd4 36.Rc4 Rf2+
37.Ke1 Ba7 38.Bc3 Raa2 39.Bxe5 Rg2 40.Bd4 Bxd4 41.Rxd4+ Ke7 42.Kf1 Rgf2+
43.Ke1 Rh2 44.Bf3 Rxh3 45.Be2 Re3  0-1

[Event "Cracovia Open A 2013-14"]
[Site "Krakow POL"]
[Date "2014.01.02"]
[Round "7.13"]
[White "Thompson,I"]
[Black "Martynov,P2"]
[Result "0-1"]
[WhiteElo "2228"]
[BlackElo "2339"]

1.c4 c6 2.Nf3 Nf6 3.Nc3 d5 4.e3 Nbd7 5.d4 e6 6.Bd3 dxc4 7.Bxc4 b5 8.Bd3 a6
9.O-O c5 10.e4 cxd4 11.Nxd4 Bb7 12.Re1 Bd6 13.a3 Qb8 14.Nf3 O-O 15.Bg5 Ng4
16.h3 Nge5 17.Nxe5 Nxe5 18.Bc2 h6 19.Bc1 Rd8 20.Qe2 Ng6 21.Be3 Qc7 22.Rac1 Qe7
23.Rcd1 Rac8 24.Bb1 Be5 25.Rxd8+ Qxd8 26.Rd1 Qf6 27.Rd7 Bc6 28.Ra7 Bxc3 29.bxc3 Qxc3
30.f3 Qxa3 31.Qd2 Be8 32.Kh2 Ne5 33.Bf4 Nc6 34.Rb7 e5 35.Bg3 Rd8 36.Qc2 Qd6
37.Ba2 a5 38.Rb6 Qd7 39.Qb2 Nb4 40.Bxe5 Nd3 41.Qa1 Qe7 42.Bg3 Kh7 43.Bd5 a4
44.Rb7 Qf6 45.e5 Qa6 46.Be4+ Kg8 47.e6 Qxe6 48.Bc7 Rc8 49.Qd4 Nc1 50.Bd5 Qf5
51.Be4 Qe6 52.Bd5 Qg6 53.Be4 Nb3 54.Qb2 Qe6 55.Rb6 Qd7 56.Be5 Nc5 57.Rd6 Qe7
58.Bf5 a3 59.Qd4 Nb3 60.Qf4 Rc5 61.Bf6 Rxf5 62.Bxe7 Rxf4 63.Rd8 a2 64.Rxe8+ Kh7  0-1

[Event "26th Staufer-Open A 2014"]
[Site "Schwaebisch Gmuend GER"]
[Date "2014.01.02"]
[Round "1.3"]
[White "Miezis,N"]
[Black "Wagner,Fl"]
[Result "1/2-1/2"]
[WhiteElo "2555"]
[BlackElo "2189"]

1.c4 c6 2.e4 d6 3.Nc3 g6 4.g3 Bg7 5.Bg2 Nf6 6.Nge2 O-O 7.d4 Nbd7 8.O-O e5
9.h3 exd4 10.Nxd4 Re8 11.Re1 Qc7 12.b3 Nc5 13.Bb2 a5 14.Rc1 Bd7 15.Rc2 Rad8
16.Rd2 Bc8 17.Ba3 h5 18.Ndb5 cxb5 19.Nxb5 Qb6 20.Rxd6 Rxd6 21.Qxd6 Ncd7 22.e5 Qd8
23.Bb2 Nh7 24.f4 Bf8 25.Qc7 Nc5 26.Bd4 Ne6 27.Qxd8 Rxd8 28.Bb6 Bc5+ 29.Bxc5 Nxc5
30.Nd6 b6 31.Re3 Be6 32.a3 Nf8 33.b4 axb4 34.axb4 Na6 35.Rb3 Nd7 36.Bb7 Ndb8
37.h4 Rd7 38.Rb2 Rc7 39.Bg2 Nd7 40.Bf1 Ndb8 41.b5 Nc5 42.Ra2 Rd7 43.Bg2 Rd8
44.Ra8 Kf8 45.Kf2 Ke7 46.Ke3 f6 47.Bd5 fxe5 48.fxe5 Rg8 49.Kd4 Nb3+ 50.Kc3 Nc5
51.Ra7+ Nbd7 52.Kd4 Nb3+ 53.Kd3 Nc5+ 54.Kc3 Rf8 55.Bc6 Bh3 56.Ne4 Nxe4+ 57.Bxe4  1/2-1/2

[Event "Bay Area International 2014"]
[Site "Santa Clara USA"]
[Date "2014.01.03"]
[Round "2.9"]
[White "Molner,M"]
[Black "Liou,Y"]
[Result "1/2-1/2"]
[WhiteElo "2525"]
[BlackElo "2391"]

1.c4 c6 2.d4 d5 3.Nc3 Nf6 4.e3 a6 5.Qc2 g6 6.Bd3 Bg7 7.Nf3 Bg4 8.Ne5 Be6
9.O-O O-O 10.Bd2 Nbd7 11.cxd5 cxd5 12.f4 Nxe5 13.fxe5 Nd7 14.Ne2 Qb6 15.Rac1 f6
16.exf6 Nxf6 17.Qc5 Qxc5 18.Rxc5 Rfc8 19.Bb4 Rxc5 20.Bxc5 Re8 21.h3 Bd7 22.Nc3 Bc6
23.Bc2 Nd7 24.Bb4 e6 25.Bd6 Nb6 26.b3 Nd7 27.Rd1 Rc8 28.Bd3 Bf6 29.g4 Nb6
30.Kf2 Be8 31.Rc1 Rc6 32.Bg3 Bf7 33.Ke2 Nd7 34.Kd2 e5 35.dxe5  1/2-1/2

[Event "26th Staufer-Open A 2014"]
[Site "Schwaebisch Gmuend GER"]
[Date "2014.01.04"]
[Round "5.8"]
[White "Carlstedt,J"]
[Black "Flach,E"]
[Result "1-0"]
[WhiteElo "2426"]
[BlackElo "2153"]

1.c4 c6 2.g3 d5 3.Bg2 e5 4.Qa4 dxc4 5.Qxc4 Be6 6.Qc2 Nf6 7.Nf3 Bd6 8.Nc3 Qd7
9.h3 Bf5 10.d3 h6 11.Bd2 Na6 12.a3 Nc5 13.b4 Ne6 14.e4 Bg6 15.Be3 Rd8 16.Rd1 Bb8
17.O-O O-O 18.d4 exd4 19.Nxd4 Nxd4 20.Bxd4 Qe6 21.f4 Bh7 22.Bc5 Rfe8 23.Rxd8 Rxd8
24.Rd1 Re8 25.Bf2 Bc7 26.Qe2 Qb3 27.Rd3 Qc4 28.Re3 Qb3 29.Rd3 Qc4 30.Bf3 a5
31.Qd2 axb4 32.axb4 Qxb4 33.Rd4 Qa5 34.Ra4 Rd8 35.Qc2 Nxe4 36.Rxa5 Nxf2 37.Qa2 Nxh3+
38.Kg2  1-0

[Event "ch-RSA Closed 2014"]
[Site "Cape Town RSA"]
[Date "2014.01.05"]
[Round "3.2"]
[White "Solomons,D"]
[Black "Meintjes,Jacques C."]
[Result "1-0"]
[WhiteElo "2159"]
[BlackElo "1989"]

1.c4 c6 2.Nf3 d5 3.e3 e6 4.b3 Nf6 5.Bb2 Nbd7 6.Be2 Bd6 7.d4 Bb4+ 8.Nfd2 Ne4
9.O-O Ndf6 10.f3 Nd6 11.Bd3 Nf5 12.Qe2 O-O 13.Qf2 c5 14.a3 Bxd2 15.Nxd2 cxd4
16.exd4 Ne7 17.c5 Bd7 18.b4 Ba4 19.Bc3 Qd7 20.Qe2 Ng6 21.f4 a6 22.Rf3 Ne7
23.Rh3 g6 24.Nf3 Kg7 25.Ne5 Qe8 26.g4 Rh8 27.g5 Nh5 28.Ng4 Nc6 29.Rf1 Qe7
30.Rff3 Kf8 31.Qf2 Ke8 32.Re3 Kd8 33.Re1 Qc7 34.Rf3 Re8 35.Qe3 Kd7 36.Bd2 Rf8
37.Rh3 Rad8 38.Rb1 Ra8 39.Re1 Rad8 40.Nh6 Rde8 41.Ng4 Rd8 42.Ne5+ Nxe5 43.fxe5 Rh8
44.Rf3 Ke7 45.Qf2 Rdf8 46.Rf1 Ke8 47.b5 axb5 48.Rb1 Ng7 49.Bxb5+ Bxb5 50.Rxb5  1-0

[Event "26th Staufer-Open A 2014"]
[Site "Schwaebisch Gmuend GER"]
[Date "2014.01.05"]
[Round "7.3"]
[White "Miezis,N"]
[Black "Burmakin,V"]
[Result "1/2-1/2"]
[WhiteElo "2555"]
[BlackElo "2574"]

1.c4 c6 2.e4 d5 3.exd5 cxd5 4.d4 Nf6 5.Nc3 g6 6.Qb3 Bg7 7.cxd5 O-O 8.Be2 Na6
9.Bf3 Qb6 10.Qxb6 axb6 11.Nge2 Nb4 12.O-O Rd8 13.d6 Rxd6 14.Bf4 Rd7 15.Rfd1 Nfd5
16.Nxd5 Nxd5 17.Be5 Nb4 18.Bxg7 Kxg7 19.a3 Nc6 20.Rac1 Rd6 21.d5 Ne5 22.Be4 f5
23.f4 Nf7 24.Bf3 Kf8 25.Nd4 Rd8 26.Rc4 Bd7 27.Rb4 b5 28.Nxb5 Bxb5 29.Rxb5 Nd6
30.Rc5 Rdc8 31.Rdc1 Rxc5 32.Rxc5 Ra4 33.g3 Rd4 34.Rc2 Rd3 35.Kf2 Ke8 36.Bg2 Kd7
37.Ke2 Rb3 38.Kd1 Re3 39.Rf2 Rd3+ 40.Rd2 Re3 41.Rd4 Rb3 42.Kc2 Re3 43.a4 Re2+
44.Rd2 Re3 45.Bf1 Re1 46.Rd1 Re3 47.Bd3 Ne4 48.Bxe4 Rxe4 49.b3 Kd6 50.Kc3 Kc5
51.Rd3 b6 52.h4 h6 53.Kd2 Kd6 54.Kc2 Kc5 55.Kc3 g5 56.fxg5 hxg5 57.hxg5 Rg4
58.g6 b5 59.axb5 Kxb5 60.d6 exd6 61.Rxd6 Kc5 62.Rd3 Rxg6 63.Rf3 Rg5 64.Kd3 Kd5
65.b4 Rg4 66.Kc3 Ke4  1/2-1/2

[Event "26th Staufer-Open A 2014"]
[Site "Schwaebisch Gmuend GER"]
[Date "2014.01.06"]
[Round "9.5"]
[White "Carlstedt,J"]
[Black "Berchtenbreiter,M"]
[Result "1-0"]
[WhiteElo "2426"]
[BlackElo "2427"]

1.c4 c6 2.g3 d5 3.Nf3 g6 4.Bg2 Bg7 5.O-O e5 6.d3 Ne7 7.e4 O-O 8.Qe2 Nd7 9.Nbd2 d4
10.Nh4 f5 11.exf5 gxf5 12.f4 Ng6 13.Ndf3 e4 14.dxe4 fxe4 15.Qxe4 Nc5 16.Qb1 Bg4
17.b4 Nxh4 18.Nxh4 d3 19.Bb2 Bd4+ 20.Kh1 Na4 21.Bxd4 Qxd4 22.Bf3 Be6 23.f5 Bxc4
24.Qd1 Nc3 25.Qd2 Bd5 26.Bg2 Rae8 27.Rf4 Ne4 28.Rd1 Rf7 29.h3 Rg7 30.Kh2 Nxd2
31.Rxd4 Bxg2 32.Rxd2 Bf1 33.Nf3 Rge7 34.g4 Re3 35.Rf2 Re2 36.Kg3 Bxh3 37.Rxe2 dxe2
38.Kxh3 Re3 39.Kh4 Rxf3 40.Re4 Rf4 41.Rxe2 Kf7 42.Kg5 Rxb4 43.Rh2 Kg7 44.Rd2 h6+
45.Kh5 Rb1 46.Rd7+ Kf6 47.Rd6+ Ke5 48.Re6+ Kd5 49.Kxh6 c5 50.Re2 c4 51.f6 Rh1+
52.Kg6 Kd4 53.Rf2 Ke3 54.f7  1-0